| 000 | 00963nam a22003017a 4500 | ||
|---|---|---|---|
| 003 | CHAP | ||
| 005 | 20220329141704.0 | ||
| 008 | 971013s r 00010 d | ||
| 010 | _a72217 | ||
| 011 | _a73189 | ||
| 035 | _a82746 | ||
| 040 | _cCHAP | ||
| 090 | _aR-1357 | ||
| 100 | 0 | 0 |
_aGarcía, Enriqueta. _946774 |
| 245 | _aRelaciones entre el clima y la vegetaci;on en el suroeste de Michoacán | ||
| 500 | _aSobretiro de : Inst. de Geografía 2:59-82, 1969 | ||
| 590 |
_aBATCH-UPD _b10 _c20130110 _lUCH01 _h0135 |
||
| 590 |
_aBATCH-UPD _b10 _c20130110 _lUCH01 _h2021 |
||
| 590 |
_aBATCH-UPD _b10 _c20130409 _lUCH01 _h2131 |
||
| 590 |
_aBATCH-UPD _b10 _c20130410 _lUCH01 _h1339 |
||
| 590 |
_aBATCH-UPD _b10 _c20130914 _lUCH01 _h0736 |
||
| 590 |
_aCONVERSION _b10 _c20130109 _lUCH01 _h1340 |
||
| 650 | 1 | 4 |
_aBotánica _xMichoacán. _914589 |
| 650 | 1 | 4 |
_aClima y vegetación. _923863 |
| 901 | _aBK | ||
| 942 | _cREIMP | ||
| 949 |
_aR-1357 _bBC _cR _d-36973 _eTS1 _i82746 _si |
||
| 999 |
_c72217 _d72217 |
||